Tú sola entre las mujeres (Record no. 185570)
[ view plain ]
| 000 -LEADER | |
|---|---|
| campo de control de longitud fija | 01032nam a2200289 i 4500 |
| 001 - NÚMERO DE CONTROL | |
| campo de control | 185570 |
| 003 - IDENTIFICADOR DE NÚMERO DE CONTROL | |
| campo de control | ES-MaACL |
| 005 - FECHA Y HORA DE LA ÚLTIMA TRANSACCIÓN | |
| campo de control | 20251014063300.0 |
| 008 - DATOS DE LONGITUD FIJA--INFORMACIÓN GENERAL | |
| campo de control de longitud fija | 160718s1991 sp f |||| |bspa d |
| 020 ## - NÚMERO INTERNACIONAL ESTÁNDAR DEL LIBRO | |
| Número Internacional Estándar del Libro | 84-306-1301-3 |
| 080 ## - NÚMERO DE LA CLASIFICACIÓN DECIMAL UNIVERSAL | |
| Número de la Clasificación Decimal Universal | 232.931 |
| 100 1# - ENTRADA PRINCIPAL--NOMBRE DE PERSONA | |
| Nombre de persona | Warner, Marina, |
| Fechas asociadas al nombre | 1946- |
| 9 (RLIN) | 160155 |
| 245 10 - MENCIÓN DEL TÍTULO | |
| Título | Tú sola entre las mujeres |
| Resto del título | : el mito y el culto de la Virgen María / |
| Mención de responsabilidad, etc. | Marina Warner ; versión castellana de Juan Luis Pintos. |
| 250 ## - MENCION DE EDICION | |
| Mención de edición | Con un postfacio para la ed. española |
| Resto de la mención de edición | M. Warner. |
| 260 ## - PUBLICACIÓN, DISTRIBUCIÓN, ETC. | |
| Lugar de publicación, distribución, etc. | Madrid : |
| Nombre del editor, distribuidor, etc. | Taurus, |
| Fecha de publicación, distribución, etc. | 1991. |
| 300 ## - DESCRIPCIÓN FÍSICA | |
| Extensión | 518 p., [40] p. de lám. ; |
| Dimensiones | 21 cm. |
| 490 1# - MENCIÓN DE SERIE | |
| Mención de serie | Humanidades. |
| -- | Historia ; |
| Designación de volumen o secuencia | 328 |
| 500 ## - NOTA GENERAL | |
| Nota general | Cronología. |
| 500 ## - NOTA GENERAL | |
| Nota general | Índices. |
| 504 ## - NOTA DE BIBLIOGRAFÍA, ETC. | |
| Nota de bibliografía, etc. | Bibliografía: p. 477-484. |
| 600 04 - PUNTO DE ACCESO ADICIONAL DE MATERIA--NOMBRE DE PERSONA | |
| Nombre de persona | Virgen María |
| 9 (RLIN) | 115436 |
| 600 04 - PUNTO DE ACCESO ADICIONAL DE MATERIA--NOMBRE DE PERSONA | |
| Nombre de persona | Virgen María- |
| Subdivisión general | Culto. |
| 9 (RLIN) | 115440 |
| 700 1# - ENTRADA AGREGADA--NOMBRE PERSONAL | |
| Nombre de persona | Pintos, Juan-Luis. |
| 9 (RLIN) | 92240 |
| 830 00 - PUNTO DE ACCESO ADICIONAL DE SERIE-TÍTULO UNIFORME | |
| Título uniforme | Humanidades (Taurus). |
| Nombre de parte o sección de la obra | Historia |
| Designación de volumen o secuencia | 328 |
| 9 (RLIN) | 177933 |
| 852 ## - LOCALIZACIÓN | |
| Ubicación | ES-MaACL |
| Número de control de estantería | L-30442 |
| Nota libre | . - Donat. Miguel A. Velasco |
| Estatus retirado | Estado de pérdida | Estado de daño | No para préstamo | Biblioteca de origen | Biblioteca actual | Ubicación en estantería | Fecha de adquisición | Fuente de adquisición | Total de préstamos | Signatura topográfica completa | Código de barras | Visto por última vez | Precio de reemplazo | Tipo de ítem Koha |
|---|---|---|---|---|---|---|---|---|---|---|---|---|---|---|
| Biblioteca del Ateneo de Madrid | Biblioteca del Ateneo de Madrid | Depósito 2 | 18/07/2016 | L-30442 | 1195608 | 23/02/2023 | 23/02/2023 | Libro impreso |
